000 01644nam a2200325 c 4500
003 BLK
005 20230506024440.0
008 180408b bul|||||r ||||||| ||bul||
010 _aKNG00095058000
040 _aBLK
041 _aBUL
_cBUL
080 _aАнглийска литература
_b821.111
_x-31
_z821.111-31
100 1 _aРид, Томас Майн
_d1818-1883
_eпърви автор
_9365222
700 1 _aПодвързачов, Димитър
_eпрев.
_9364693
700 1 _aПопов, Георги
_eил.
_9366593
139 _aРид, Томас Майн
_bР 59
245 1 0 _aЕкипажът на "Пандора"
_bРоман
_cТомас Майн Рид; прев. Димитър Подвързачов; ил. Георги Попов.
250 _a2. изд.
257 _aGBR
260 София
_bТ Т
_c1991
_fЯмбол : печ. Г. Димитров
300 _a96 с.
_bс ил.
_c20 см
380 _aDX
490 1 _aПоредица Избрани приключенски романи : Бестселър на всички времена
500 _aОриг. загл. The Ocean Waif / Mayne Reid. - 1. изд. [1919] със загл. Даровете на океана на изд. Наша родина - Плевен в прев. на И. Кипарисов ; В кн. за 1. изд. се счита [1920] на Иван Г. Игнатов и синове в прев. на Д. Подвързачов.
852 _aЦб 178674
856 4 _qpdf
_u
856 4 _qpdf
_u
942 _cKNG
_n0
944 _aCR
_c31.03.2010
_lф /
_kЛюдмила_Стоянова
944 _aED
_c20.09.2017
_lф /
_kСевдалина_Василева
999 _c90319
_d90319